[Event "Tata Steel-A 77th"]
[Site "Wijk aan Zee"]
[Date "2015.01.25"]
[Round "13"]
[White "Carlsen, Magnus"]
[Black "Saric, Ivan"]
[Result "1/2-1/2"]
[WhiteElo "2862"]
[BlackElo "2666"]
[Annotator "Gormally,Daniel"]
[PlyCount "98"]
[EventDate "2015.01.10"]
[EventType "tourn"]
[EventRounds "13"]
[EventCountry "NED"]
[EventCategory "20"]
[SourceTitle "CBM 165"]
[Source "ChessBase"]
[SourceDate "2015.03.11"]
[SourceVersion "1"]
[SourceVersionDate "2015.03.11"]
[SourceQuality "1"]

1. e4 c5 2. Nf3 Nc6 3. Nc3 Nf6 4. Bb5 Qc7 5. O-O Nd4 6. Re1 a6 7. Bc4 {White has other choices here of course.} (7. e5 {is very forcing but Black should be ok in most of these lines.} Nxb5 8. exf6 Nxc3 9. fxg7 Bxg7 10. dxc3 d6 11. Ng5 (11. Bf4 e5 12. Bg3 h6 {should also be ok for Black}) 11... Bf5 12. a4 Qc6 13. Qe2 Bf6 {White has nothing} 14. Ne4 Bxe4 15. Qxe4 Qxe4 16. Rxe4 d5 {½-½ Anand,V (2753)-Kramnik,V (2807) Linares 2003}) (7. Bf1 Ng4 $1 {this seems like a logical response, relocating the knight to a useful central square} 8. g3 Nxf3+ 9. Qxf3 Ne5 10. Qe2 e6 11. Bg2 d6 12. d3 Be7 13. Be3 O-O 14. a4 Nc6 {and with good control over the central square d4 Black stood well in Harikrishna,P (2726)-Zhigalko,S (2678) Dubai 2014.}) 7... b5 $5 {A risky, but playable variation. I'm not convinced this would have been preparation though as it's not easy to predict what sort of opening Carlsen will play- as Short said in his typical droll style, Carlsen plays "condom" openings, ie he uses them once then throws them away.   This may be slightly harsh although it's well known that Carlsen just likes to get a playable position out of the opening then use his great understanding to outplay the guy later on.} (7... d6 {is much more common. Of course this is intended to prevent e5 and now Black has ideas of ...g4 or perhaps ...b5 so White is almost obliged to play} 8. Nd5 Nxd5 9. exd5 g6 10. Nxd4 cxd4 11. d3 h6 12. b4 Bg7 13. Qe2 Bf6 14. Qf3 Kf8 {with some slight pressure for White in the game Kasparov,G (2847)-Leko,P (2736) Linares 2003. Although I doubt it is much and the game ended in a draw.  In general these anti-Sicilian lines have been pretty much worked out and it's difficult to prove any advantage - on the plus side however you are probably in less danger of losing with White than you are in some of the sharp main lines.}) 8. Nd5 (8. Bd5 Rb8 (8... Bb7 9. Bxb7 Qxb7 10. e5 {is slightly awkward for Black;} Nxf3+ 11. Qxf3 Qxf3 12. gxf3 {with a nice lead in development}) 9. e5 $6 Nxd5 10. Nxd5 Qc6 {looks better for Black if anything as the bishop will find its way to an excellent diagonal on b7.}) 8... Nxd5 9. Bxd5 Rb8 10. Nxd4 (10. c3 Nxf3+ 11. Qxf3 e6 12. Bb3 {was another way to play for White. Perhaps this isn't the most exciting opening in the world although I'm sure Carlsen would have been confident of outplaying Saric from an equal position.} c4 13. Bc2 Bb7 14. d4 cxd3 15. Bxd3 Bc5 $11) ({RR} 10. Ng5 e6 11. c3 h6 12. Nh3 Nc6 13. Bxc6 Qxc6 14. d4 d6 15. d5 Qb7 16. dxe6 fxe6 17. e5 d5 18. Nf4 Qf7 19. Qg4 g5 20. Nh5 Be7 21. Re3 Qg6 22. h3 O-O 23. f4 Qf5 24. Rg3 Qxg4 {Filipow,M (1875)-Casteleijn,D (2109) Rhodes GRE 2025 1-0 (36)}) 10... cxd4 11. d3 $146 ({RR} 11. Bb3 e6 12. Qh5 d3 13. c3 Bc5 14. Qf3 Qb6 15. a3 Bb7 16. Qg3 O-O 17. Ba2 f5 18. b4 Bd6 19. e5 Be7 20. Qxd3 Rbd8 21. Qh3 f4 22. d4 f3 23. Bb1 g6 24. Bh6 Rf7 25. Qg4 Bf8 {Loncar,R (2427)-Bajt,I (2196) Ljubljana 2009 1-0 (34)}) 11... e6 12. Bb3 Bd6 13. Qh5 {Carlsen defends against the threat on h2 actively. That's one of the things you notice when following the games of the best players in the world - they are always looking for the most ambitious way to play the position.} ({By contrast a move like} 13. g3 {while not obviously bad, looks rather passive. In general you don't want to weaken your king like this, as if the game opens up later it may come back to haunt you.} {I'm sure a Speelman, or perhaps even Deep Blue circa 1997, would not hesistate to play} h5 $1 {creating counter-attacking chances on the kingside.}) 13... Bb7 14. f4 $1 Bxf4 15. Bxf4 {Perhaps not the best way to follow up his idea.} (15. Rf1 $1 {was more consistent, although this seems to lead to a draw with best play. Not a bad result for Carlsen in the context of the tournament- it would ensure victory for him. But I doubt he cared much about this and was surely thirsting for revenge for the defeat he suffered at Ivan's hands at the last olympiad.} Qe5 {Presumably this is why Carlsen rejected this line, as this seems like a good tactical response.} 16. Qf3 Bxh2+ (16... Bxc1 17. Qxf7+ Kd8 18. Raxc1 {looks unpleasant for Black} Kc7 19. c3 $16 Bc6 20. Qf2) 17. Kh1 Bg3 (17... O-O $2 {is just weak and drops a piece after} 18. Qh3 Bg3 19. Rf3) 18. Qxf7+ Kd8 19. Bd2 Kc7 {and now with the bishop on g3 ensuring that the White king is probably just as much danger as its counterpart, objectively he should bail out to a draw with} 20. Ba5+ Kc6 21. Bd5+ $1 Kd6 (21... exd5 $2 22. Rf5 Qd6 (22... Rbf8 23. exd5+ Kc5 24. Qxd7 $18)) 22. Bb4+ Kc7 23. Ba5+ $11) 15... Qxf4 16. Rf1 Qe3+ 17. Kh1 O-O 18. Rf3 Qh6 19. Qe5 a5 $1 {A very strong idea. This is the problem for White in many of these anti-Sicilian lines - the bishop become a target on b3. If White plays a3, then after the response ...a4 pushing the bishop back to a2, the c2-pawn will become vulnerable. And if he plays a4 then the b-file is opened, which should give Black good counterplay.} 20. a4 Bc6 21. axb5 Rxb5 22. Qxd4 Qd2 23. Raf1 Qb4 24. Qf2 (24. Qxb4 $2 Rxb4 {would of course be a disaster for White - ...a4 is coming when b2 drops.}) 24... f6 25. Rf4 $1 {Typical of Carlsen, I think people underesimate how tricky he is. Here he defends against the threat of ...a4 with a tactical idea.} Re5 (25... a4 $2 26. e5 $1) 26. Rb1 a4 27. Ba2 Rb8 28. c3 Qb6 {Black has a very comfortable game here and maybe even stands better.However over the next part of the game, as he so often does, Carlsen outplays his opponent.} 29. Qd2 Rb5 30. Rf2 Qc7 31. h3 h6 32. Qe3 Rg5 33. d4 Kh8 34. Re1 Bb5 35. e5 $1 {I must admit watching the game on the live webcam at this point, I was fully convinced that Carlsen would win. (when you watch chess a lot, you get used to Carlsen winning.) Suddenly the rook on g5 seems stranded on the kingside with little to do. But credit to Saric he doesn't collapse and has just enough trumps to hold the game.} f5 $1 {An essential move.} (35... fxe5 36. dxe5 {might not seem to bad according to an engine, but from a human perspective the threat of b1 and e4 will be extremely difficult to deal with.} Bc6 37. Bb1 Qd8 $6 38. Qd3 g6 39. Qd6 $1 {and White is dominating.}) 36. d5 exd5 37. Bxd5 Bc4 $1 {This is the problem. Carlsen still has the initiative, but more and more material is coming off the board meaning that the game is becoming very drawish.} 38. Rd1 Re8 39. Bxc4 Qxc4 40. Rxd7 Qb5 $1 {The last accurate move that Saric has to find.} 41. e6 Qc6 42. Qf3 (42. Re2 Rg6 $1 {also offers White nothing.}) 42... Qxe6 43. Rd5 Qe1+ 44. Rf1 Qe2 45. Rxf5 Rxf5 46. Qxe2 Rxe2 47. Rxf5 Rxb2 48. Ra5 Rc2 49. Rxa4 Rxc3 {In the press conference afterwards, I was told later that Carlsen looked very dejected. Every other chess player in the world would be delighted to win the strongest tournament on the calendar but instead Carlsen is fuming that he doesn't beat a much lower rated player with the white pieces - that's probably why he's the best!} 1/2-1/2

[Event "Grenke Chess Classic 3rd"]
[Site "Baden-Baden"]
[Date "2015.02.04"]
[Round "3"]
[White "Naiditsch, Arkadij"]
[Black "Carlsen, Magnus"]
[Result "1-0"]
[WhiteElo "2706"]
[BlackElo "2865"]
[Annotator "Szabo,Krisztian"]
[PlyCount "121"]
[EventDate "2015.02.02"]
[EventType "tourn"]
[EventRounds "7"]
[EventCountry "GER"]
[EventCategory "20"]
[SourceTitle "CBM 165"]
[Source "ChessBase"]
[SourceDate "2015.03.11"]
[SourceVersion "1"]
[SourceVersionDate "2015.03.11"]
[SourceQuality "1"]

1. e4 g6 2. d4 Bg7 3. Nc3 d6 4. Be3 a6 5. a4 Nf6 6. h3 O-O 7. g4 {An ambitious move. White has gained some space and he would like to restrict Black's pieces as much as possible.} ({Nevertheless} 7. Nf3 {is more popular.}) 7... e5 ({RR} 7... Nc6 8. d5 Nb4 9. a5 e6 10. Ra4 c5 11. dxc6 Nxc6 12. Bg2 Nxa5 13. e5 Ne8 14. exd6 Bd7 15. Rb4 b5 16. Bxa8 Qxa8 17. f3 Nc4 18. Rxc4 bxc4 19. Bg5 f5 20. Be7 Rf7 21. Rh2 Qb8 22. Nge2 {Ganguly,S (2625)-Carlsen,M (2847) chess24.com INT 2021 0-1 (69)}) ({RR} 7... Nc6 8. Nge2 e5 9. d5 Nb4 10. Bg2 c6 11. O-O cxd5 12. exd5 a5 13. Nb5 Bxg4 14. hxg4 Nxg4 15. Ra3 Rc8 16. Bd2 f5 17. Bxb4 axb4 18. Rh3 Qb6 19. Qd2 Rfd8 20. c3 b3 21. c4 Rxc4 22. Rxb3 {Svane,F (2668)-Sadhwani,R (2673) New York USA 2024 1-0 (55)}) 8. d5 c6 9. Nge2 cxd5 10. exd5 $146 ({RR} 10. Nxd5 Nxd5 11. Qxd5 Nc6 12. Bg2 Be6 13. Qd2 Bc4 14. Rd1 Bxe2 15. Qxe2 Qa5+ 16. c3 Qxa4 17. Rxd6 Rfd8 18. Rxd8+ Rxd8 19. O-O Rd7 20. Bf3 Qb3 21. Bc1 Nd8 22. Rd1 Qxd1+ 23. Qxd1 Rxd1+ 24. Bxd1 Ne6 {Kokoszczynski,J (2264)-Niedbala,B (2239) Ustron 2019 ½-½}) 10... Bxg4 $6 {A creative reply, Black sacrifices a piece for two s, but objectively this is not so good.} (10... Ne8 {was more solid, and Black tries to play for ...f5.}) 11. hxg4 Nxg4 12. Qd2 Nd7 13. Ne4 f5 {Black activates his central s. On the other hand White is also active, his pieces are powerful.} 14. Bg5 $1 Qb6 15. Bh3 $1 {Another strong intermediate move. White doesn't escape with his e4 , he also attacks his opponent's .} Ndf6 (15... Qxb2 {could have been met by} 16. O-O $1 {. Finally White has finished his development and now he is threatening fb1 trapping the .}) (15... fxe4 16. Bxg4 Qxf2+ 17. Kd1) 16. Nxf6+ Nxf6 17. Nc3 $2 {A mistake, which allows some counterplay for Black.} ({The simply} 17. b3 $16) ({or} 17. Bxf6 Bxf6 18. c3 $16 {was better for White.}) 17... Qxb2 $1 {The right move. Black captures the , and now he has some threats on the c-file.} 18. Rb1 (18. O-O $2 {is not working, because of} Rac8 {and Black is very strong on the c-file.}) 18... Qa3 19. Rxb7 Rf7 $6 {An inaccuracy.} (19... Rab8 $1 {was the correct reply to control the b-file,} 20. Rxg7+ (20. Rxb8 Rxb8 21. Bg2 e4 $132 {with strong counterplay.}) 20... Kxg7 21. Bxf5 gxf5 22. Bxf6+ Kxf6 $1 ({Of course not} 22... Rxf6 $2 23. Qg5+ Rg6 24. Qe7+ $18 {and White wins.}) 23. Rxh7 f4 24. Qd3 Qc1+ 25. Ke2 Rf7 26. Rxf7+ Kxf7 27. Qf5+ $11 {and a draw with perpetual check.}) 20. Rb3 Qc5 ({In he event of} 20... Qa1+ 21. Rb1 Qa3 22. Bg2 $16 {White is solid, his position is better.}) 21. Qe3 Qc7 22. Qb6 $1 {White forces the exchange of s, because the endgame is better for him.} e4 23. Qc6 {White closes the c-file, and he attacks the a8 . On the other hand this is not the best move.} (23. a5 $142 $16 {was more accurate.}) 23... Rc8 24. O-O (24. Qxc7 Rfxc7) 24... Qxc6 25. dxc6 Rxc6 {Now Black has three s for the piece, but the pair of s and the weak a6  give an important target to White.} 26. Rfb1 (26. Rd1 $5 {was also possible.}) 26... h6 27. Bxf6 Bxf6 28. Nxe4 $1 {A trade of advantages. The endgame after 28...fxe4 29.e6 is practically very difficult for Black, so Carlsen decides to give up the  again. Moreover he will win the c2 .} Be5 (28... fxe4 $6 29. Be6 Kf8 30. Bxf7 Kxf7 31. Rb6 Rxc2 32. Rxd6 $16 {followed by bb6 and White is better.}) 29. Nd2 (29. Rb6 $5 {was an interesting alternative.}) 29... Rxc2 30. Nf3 Ra2 31. Bg2 $6 {A dubious move, White should take Black's .} (31. Nxe5 $1 dxe5 32. Rb6 Rxa4 33. Rxg6+ Kh7 34. Rbb6 $16 {and White has a good winning chance.}) 31... Bf6 $1 {The correct move. Black saves his , which is very important for him.} 32. Nh2 Kg7 33. Bd5 Re7 34. Rb4 Rd2 $1 35. Bc4 a5 $1 36. Rb7 Rd4 37. Rxe7+ Bxe7 38. Bb5 h5 {With the amount of black pawns he has enough to compensate for the piece. However the most important aspect is that White has no real targets: the a5-pawn can be easily defended by the bishop.} 39. Nf3 Rf4 40. Kg2 h4 41. Rd1 Rg4+ {These type of checks are useful, because White has to decide about his .} 42. Kf1 ({In the event of} 42. Kh3 Rf4 43. Kg2 (43. Rd3 $6 g5) 43... Rg4+ {is only a repetition of moves.}) 42... h3 {This is a really attractive move to push the passed , but on the other hand the h3-pawn could become a target.} (42... Kf6 43. Rd3) 43. Rd3 $1 {White prepares for h2.} Bf6 $1 {A good move, Carlsen doesn't want to protect the d6 . Black's idea should basically always be to play g5-g4 and connect the s.} ({The immediate} 43... g5 44. Nh2 (44. Rd5 $5) 44... Rf4 $1 (44... Rh4 45. Rf3 $1 $16 {followed by d7 and Black loses a .}) 45. Rxh3 g4 46. Rc3 Bh4 47. Rc4 $1 Rxf2+ 48. Kg1 {followed by xg4.}) 44. Nh2 ({Or} 44. Rxd6 Rf4 45. Rd3 g5 {followed by g4. I think the position should be a draw.}) 44... Rh4 45. Kg1 {White prepares for a nice plan. First he needs to free the  from h2. Then f3 or f1, followed by h2.} ({Objectively} 45. Rxd6 $1 {was the best, but in a practical game, this is very difficult.} Be5 46. Rd7+ Kf6 47. Kg1 Rb4 48. Rh7 $1 Rb1+ 49. Nf1 $14) 45... Bd4 46. Rf3 {White avoids the g5-g4 at the moment.} Kf6 47. Nf1 Be5 ({The reckless} 47... g5 $6 {could have been met by} 48. Bd7 $1) (47... d5 $5 {was also a possibility.}) 48. Ne3 {White prepares for c4 to win the a5 , because his a4 will be a strong passed .} Kg5 $6 {This move is a little bit strange. The  prevents his g-, so probably the black  has to go back to f6.} ({Black had to play} 48... h2+ $1 49. Kh1 Rd4 {Black prepares for ...d2.} 50. Kg2 Kg5 51. Rh3 d5 $11 {and of course Black still has a serious fight for equality, but objectively the position should probably be very close to equal.}) 49. Kh1 $1 {A very deep and calm move by Naiditsch. White is threatening c4, and he has avoided ...g4+.} ({The immediate} 49. Nc4 $2 {allows} Rg4+ 50. Kh1 Kh4 $1 $11 {defending the h3 . The position should be around equal.}) 49... Kf6 $6 ({Probably the best practical chance would have been} 49... Rf4 $142 50. Rxf4 (50. Rg3+ Kh4 51. Rxg6 Rxf2 $11) (50. Rxh3 Rxf2 {and I think Black should be able to save the game.}) 50... Kxf4 51. Be8 g5 52. Bd7 Kf3 53. Bxf5 Kxf2 54. Nc4 Bc3 55. Nxd6 Bb4 {and Black has also a good chance for to reach the draw.}) 50. Nc4 {This is a slightly risky move, because White allows the quick g5-g4, but this is the only chance to win the a5 , otherwise White can't improve his position.} g5 {Of course Black doesn't have anything better than to try and create counterplay on the kingside as quickly as possible.} 51. Nxa5 g4 52. Rd3 f4 53. Nc4 Rh7 (53... g3 $2 {is not working, as} 54. fxg3 fxg3 55. Nxe5 g2+ 56. Kh2 Kxe5 57. Bd7 {and White will win all the black s, moreover the a- is the correct colour to win with.}) 54. Nxe5 (54. Nxd6 $5 {was also strong.}) 54... dxe5 55. a5 Rc7 {The rook must be activated.} 56. Ra3 Rc1+ {Of course Black has to create some counterchance; the passive ...a7 loses without creating difficulties for White.} 57. Kh2 Rc2 58. a6 $1 {Well calculated! Black's four connected passed s are not so dangerous as White's one passed  on the a-file! Of course the b5  is the most important one for this.} Rxf2+ 59. Kh1 g3 60. a7 {The  from b5 covers the f1 square.} Rd2 (60... Rb2 61. Ra1 $18) 61. Ra1 {and Black resigned, because he can't stop White from playing a8. A great victory by Naiditsch!} (61. Ra1 Rh2+ 62. Kg1 Rg2+ 63. Kf1 Rf2+ 64. Ke1 h2 65. a8=Q $18) 1-0

[Event "Grenke Chess Classic 3rd"]
[Site "Baden-Baden"]
[Date "2015.02.07"]
[Round "5"]
[White "Carlsen, Magnus"]
[Black "Baramidze, David"]
[Result "1-0"]
[WhiteElo "2865"]
[BlackElo "2594"]
[Annotator "Szabo,Krisztian"]
[PlyCount "97"]
[EventDate "2015.02.02"]
[EventType "tourn"]
[EventRounds "7"]
[EventCountry "GER"]
[EventCategory "20"]
[SourceTitle "CBM 165"]
[Source "ChessBase"]
[SourceDate "2015.03.11"]
[SourceVersion "1"]
[SourceVersionDate "2015.03.11"]
[SourceQuality "1"]

1. e4 e5 2. Nf3 Nc6 3. Bb5 a6 4. Ba4 Nf6 5. O-O Be7 6. Re1 b5 7. Bb3 d6 8. c3 O-O 9. h3 Nb8 10. d4 Nbd7 11. Nbd2 Bb7 12. Bc2 Re8 13. Nf1 Bf8 14. Ng3 g6 15. a4 Bg7 ({The} 15... c5 16. d5 c4 {line is more popular.}) 16. Bd3 c6 17. Bg5 ({On the next day Anand played} 17. Be3 {against Baramidze} Qc7 18. Qd2 exd4 19. cxd4 c5 20. d5 c4 21. Bc2 Rec8 22. axb5 c3 23. bxc3 Nxd5 24. exd5 Bxc3 25. Qd1 Bxa1 26. Qxa1 axb5 27. Qd4 $1 {with a promising position for White, later he managed to win, Anand-Baramidze, Baden Baden 2015.}) 17... Nf8 18. Qd2 Ne6 19. Bh6 Nd7 20. Bc2 Bxh6 21. Qxh6 Qf6 22. Rad1 Rad8 23. d5 $146 {The first new move in the game.} (23. Rd2 exd4 24. Nxd4 Qf4 25. Qxf4 Nxf4 26. Nde2 Nxe2+ 27. Rdxe2 Nb6 28. a5 Nc8 29. Rd1 {with a nearly equal endgame, but White is more comfortable, N.Djukic-Nikcevic, Tivat 2011.}) ({RR} 23. Rd2 exd4 24. Nxd4 Qf4 25. Qxf4 Nxf4 26. Nde2 Nxe2+ 27. Rdxe2 Nb6 28. a5 Nc8 29. Rd1 Kf8 30. f4 f6 31. h4 c5 32. h5 Ke7 33. Red2 Rg8 34. b4 Na7 35. Bb3 c4 36. Bc2 Bc8 37. hxg6 hxg6 {Djukic,N (2486)-Nikcevic,N (2416) Tivat 2011 ½-½ (62)}) 23... cxd5 24. exd5 Qf4 {A logical decision, Black exchanges the s and he tries to level the endgame.} 25. Qxf4 Nxf4 26. Ne4 Bxd5 27. axb5 axb5 28. Nxd6 {So far Baramidze has done a nice job defending and creating counterplay. His pieces are active and give counterplay even if he loses the b5  too.} Re6 $2 {This looks logical move is a mistake. The  will be attackable on e6.} (28... Bxf3 29. gxf3 Re7 30. Nxb5 Rb8 31. c4 Nxh3+ 32. Kh2 Nf4 $13) ({or} 28... Rf8 $1 29. Ne4 (29. Nxb5 Rb8 $11 {and the  is regained on b2.}) 29... f5 30. Neg5 Rfe8 $132 {and Black looks nicely placed.}) 29. Ne4 $1 {The right reply!} (29. Nxb5 {could have been met by} Rb6 $11 {and the b2  is lost.}) 29... f5 ({In the event of} 29... Nb6 30. Nfg5 Re7 31. g3 Nh5 32. Bd3 $14 {and White is slightly better.}) 30. Nfg5 $1 {A very strong intermediate move. He attacks the e6 , moreover he protects the h3 , so he prepares for g3 too.} Re7 (30... fxe4 $6 {is dubious, because of} 31. Rxd5 $1 Nxd5 32. Nxe6 $16 {and White is better.}) 31. g3 $1 {Another great answer! The  on f4 cannot move, because the  on d5 is hanging, and in the awkward positions of Black's s and the pinned  on d7 his structure will be compromised.} Bxe4 32. Bxe4 fxe4 ({In the event of} 32... Nxh3+ 33. Nxh3 fxe4 34. Ng5 $16 {and White has a wonderful position.}) 33. gxf4 Rf8 (33... exf4 34. Rxe4 Rde8 (34... Rxe4 35. Nxe4 $16 {the pin is very unpleasant for Black.}) 35. Rxf4 {and White is a healthy  up.}) 34. Nxe4 Rxf4 35. b4 $1 {A good move. White fixes the b5 . Material is still even, but White's  on e4 is monstrous and he will win the b5  soon.} Nf6 (35... Nb6 36. Nd6 Rf3 37. Nxb5 Rxh3 38. Rd6 Nc4 39. Rd8+ Kf7 40. Re4 {and White's two s on the queenside are really strong.}) 36. Nd6 Rf3 37. Nxb5 Rxh3 38. c4 {White's s are very fast, the position is very unpleasant for Black.} Rh4 (38... Rb3 {could have been met by the tricky} 39. Nd4 $1 {and in the event of the  being captured with} Rxb4 40. Nc6 {and White should win the endgame.}) 39. Nd6 Nh5 40. b5 Nf4 {Black tries to create some counterplay against White's , but it is not dangerous.} 41. b6 Rg4+ 42. Kf1 Rh4 43. f3 {This is the point! White simply avoids the mate, Black has no hope.} Rh1+ 44. Kf2 Rh2+ 45. Kg1 Rc2 (45... Rb2 46. Rb1 $18) 46. Kh1 ({The careless} 46. b7 $2 {is bad, because of} Nh3+ 47. Kh1 Nf2+ 48. Kg1 Nh3+ $11 {and Black survives with perpetual checks.}) 46... Nh3 47. Ne4 {The  comes back to defend against f2+. There were other winning moves too, but this is the easiest practical reply.} Rxc4 48. Rd8+ $1 Kg7 49. Rb1 {and Black resigned, because he can't defend against b7. Very nice technique by Carlsen!} 1-0